|
|
|
|
| LEADER |
00871nam a2200241 a 4500 |
| 001 |
GR-Patra9927 |
| 008 |
991022s fr 000 b fre d |
| 020 |
|
|
|a 2850361143
|
| 040 |
|
|
|a GrPaTEI
|b gre
|c GR-PaULI
|
| 245 |
0 |
0 |
|a Le Micro-Robert 2 :
|b dictionnaire de culture generale: noms propres.
|
| 260 |
|
|
|a Paris :
|b Robert,
|c c1990
|
| 300 |
|
|
|a vi, 1989σ. :
|b εικ.
|
| 650 |
|
0 |
|a DICTIONARIES
|
| 650 |
|
0 |
|a FRENCH LANGUAGE
|
| 650 |
|
4 |
|a ΓΑΛΛΙΚΗ ΓΛΩΣΣΑ
|
| 650 |
|
4 |
|a ΛΕΞΙΚΑ
|
| 653 |
|
|
|a ΓΑΛΛΙΚΗ ΓΛΩΣΣΑ - ΛΕΞΙΚΑ
|
| 700 |
1 |
|
|a Rey, Alain
|
| 710 |
0 |
|
|a Robert
|
| 942 |
|
|
|2 ddc
|
| 952 |
|
|
|0 0
|1 0
|2 ddc
|4 0
|6 443_000000000000000_MIC
|7 1
|9 290556
|a LISK
|b LISK
|c BSC
|d 2021-01-17
|e 24
|f 0
|g 0.00
|l 0
|o 443 MIC
|p 92410012652
|r 2021-01-17 00:00:00
|t 1
|w 2021-01-17
|y BKN
|x 19991024 0 0
|x GrPaTEI
|
| 971 |
|
|
|a .b26574421
|b 15-04-20
|c 23-09-16
|
| 999 |
|
|
|c 169662
|d 169662
|